000 00246nam a2200097Ia 4500
001 797742
005 20250826170813.0
008 250824s9999 xx 000 0 und d
245 0 _aDOST KAYNAĞI
_cBİLAL SAMİ GÖKDEMİR
260 _bPANAMA YAYINLARI
999 _c797742
_d797742